000 00571nam a2200217Ia 4500
003 OSt
005 20230623153614.0
008 210423s2011 xx 000 0 und d
020 _a978-81-316-0440-3
040 _cAL
041 _aeng
082 _a305.4 JACC
100 _aJACKSON (Stevi);JONES (Jackie)
_9111716
245 _aContemporary feminist theories
260 _aJaipur
_bRawat Publications
_c2011
300 _avi,271
_bHB
365 _b850
_cINR
650 _aWomen Studies
_9111717
906 _aContemporary ; feminist ; theories
942 _2ddc
_cBK
999 _c167981
_d167981